[Event "Oberliga Nord W 1617"]
[Site "Germany"]
[Date "2017.05.07"]
[Round "9.6"]
[White "Meier Hoffmann, Daniel"]
[Black "Giel, Olaf"]
[Result "1/2-1/2"]
[WhiteElo "1983"]
[BlackElo "2128"]
[PlyCount "98"]
[EventDate "2016.10.16"]
[EventType "team-tourn"]
[EventRounds "9"]
[EventCountry "GER"]
[SourceTitle "EXT 2018"]
[Source "ChessBase"]
[SourceDate "2017.10.13"]
[SourceVersion "1"]
[SourceVersionDate "2017.10.13"]
[SourceQuality "1"]
[WhiteTeam "Hannover"]
[BlackTeam "Bremer SG"]
[WhiteTeamCountry "GER"]
[BlackTeamCountry "GER"]

1. d4 Nf6 2. Nf3 g6 3. Nc3 d5 4. Bf4 c6 5. Ne5 Bg7 6. e3 0-0 7. Be2 Nbd7 8. h4 h5 9. Qd2 Nxe5 10. Bxe5 b5 11. f3 a5 12. Nd1 Ne8 13. Bxg7 Nxg7 14. e4 dxe4 15. fxe4 Qc7 16. Nf2 Be6 17. c3 Rfd8 18. Qg5 b4 19. Nd3 bxc3 20. bxc3 Bc4 21. 0-0 c5 22. d5 Bxd3 23. Bxd3 c4 24. Be2 Qb6+ 25. Kh1 Qb2 26. Bxc4 Qxc3 27. Rac1 Qd4 28. Qxe7 Rf8 29. Rfd1 Qf2 30. Rf1 Qd4 31. d6 Ra7 32. Qf6 Qxe4 33. Bb5 Nf5 34. Rxf5 Qxf5 35. Qxf5 gxf5 36. Rf1 f4 37. Rxf4 f5 38. Rd4 Kg7 39. d7 Rd8 40. Kh2 Kf6 41. Kg3 Ke5 42. Rd3 Ke4 43. Rd6 Ke5 44. Rd3 Rb7 45. a4 f4+ 46. Kf2 Rc7 47. Rd1 Rc2+ 48. Kf3 Rc3+ 49. Kf2 Rc2+ 1/2-1/2

[Event "Hannover Ihme Cup"]
[Site "Hannover"]
[Date "2014.05.10"]
[Round "3"]
[White "Grigorian, Spartak"]
[Black "Meier Hoffmann, Daniel"]
[Result "1-0"]
[WhiteElo "2172"]
[BlackElo "2014"]
[PlyCount "77"]
[EventDate "2014.05.09"]
[EventType "swiss"]
[EventRounds "5"]
[EventCountry "GER"]
[SourceTitle "EXT 2021"]
[Source "ChessBase"]
[SourceDate "2020.10.23"]
[SourceVersion "1"]
[SourceVersionDate "2020.10.23"]
[SourceQuality "1"]

1. d4 Nf6 2. c4 c5 3. d5 b5 4. Nf3 Bb7 5. Qc2 bxc4 6. e4 e6 7. Nc3 exd5 8. exd5 Nxd5 9. Bxc4 Nb4 10. Qf5 Qf6 11. Qxf6 gxf6 12. Ke2 d5 13. Bb5+ Nd7 14. a3 Nc2 15. Ra2 d4 16. b3 Nxa3 17. Rxa3 dxc3 18. Rd1 0-0-0 19. Rxa7 Kb8 20. Ra2 Kc8 21. Ra7 Kb8 22. Rxb7+ Kxb7 23. Rxd7+ Rxd7 24. Bxd7 Bd6 25. Bf5 h5 26. Kd3 c4+ 27. Kxc4 Kb6 28. Be3+ Ka5 29. Nd4 Be5 30. Nc6+ Ka6 31. Nxe5 fxe5 32. Kxc3 Rd8 33. b4 Rd6 34. Bd3+ Kb7 35. b5 f6 36. Be4+ Kb8 37. f3 Rd7 38. b6 h4 39. Bf2 1-0

[Event "Hannover Region-ch"]
[Site "Hannover"]
[Date "2013.02.23"]
[Round "3"]
[White "Wittur, Helge"]
[Black "Meier Hoffmann, Daniel"]
[Result "0-1"]
[WhiteElo "1856"]
[BlackElo "1949"]
[PlyCount "38"]
[EventDate "2013.01.26"]
[EventType "swiss"]
[EventRounds "7"]
[EventCountry "GER"]
[SourceTitle "EXT 2021"]
[Source "ChessBase"]
[SourceDate "2020.10.23"]
[SourceVersion "1"]
[SourceVersionDate "2020.10.23"]
[SourceQuality "1"]

1. e4 d5 2. exd5 Nf6 3. d4 Bg4 4. Be2 Bxe2 5. Nxe2 Qxd5 6. 0-0 Nc6 7. Na3 0-0-0 8. c4 Qe4 9. Be3 Nxd4 10. Nxd4 e5 11. Ndb5 Rxd1 12. Rfxd1 Bxa3 13. bxa3 a6 14. Na7+ Kb8 15. Rab1 b6 16. c5 Kxa7 17. cxb6+ cxb6 18. Bxb6+ Ka8 19. Bc7 Nd5 0-1

[Event "Hannover Region-ch"]
[Site "Hannover"]
[Date "2013.02.09"]
[Round "2"]
[White "Meier Hoffmann, Daniel"]
[Black "Hanemann, Henno"]
[Result "1-0"]
[WhiteElo "1949"]
[BlackElo "1736"]
[PlyCount "79"]
[EventDate "2013.01.26"]
[EventType "swiss"]
[EventRounds "7"]
[EventCountry "GER"]
[SourceTitle "EXT 2021"]
[Source "ChessBase"]
[SourceDate "2020.10.23"]
[SourceVersion "1"]
[SourceVersionDate "2020.10.23"]
[SourceQuality "1"]

1. d4 d5 2. Nf3 Nf6 3. e3 Bg4 4. c4 Bxf3 5. gxf3 e6 6. Qb3 b6 7. Nc3 Qd6 8. Bd2 Qb4 9. Nxd5 Qxb3 10. Nxf6+ gxf6 11. axb3 Nc6 12. Bg2 Nb4 13. Ke2 Kd7 14. f4 c6 15. Bc3 Be7 16. Rhg1 Kc7 17. Bf3 a5 18. Rg7 Raf8 19. Bh5 Rhg8 20. Rag1 Rxg7 21. Rxg7 Kd7 22. Bxf7 h6 23. h4 f5 24. h5 Bf6 25. Rh7 Rh8 26. Rxh8 Bxh8 27. d5 Bxc3 28. bxc3 Na6 29. Bxe6+ Kd6 30. Bxf5 cxd5 31. cxd5 Kxd5 32. e4+ Kc6 33. e5 Nc5 34. Bc2 Kd5 35. Ke3 b5 36. f3 a4 37. c4+ Ke6 38. cxb5 a3 39. Bb1 Nxb3 40. Ba2 1-0

[Event "Braunschweig Oker Cup"]
[Site "Braunschweig"]
[Date "2011.12.04"]
[Round "4"]
[White "Meier Hoffmann, Daniel"]
[Black "Tonndorf, Matthias"]
[Result "1-0"]
[WhiteElo "1988"]
[BlackElo "2211"]
[PlyCount "65"]
[EventDate "2011.12.02"]
[EventType "swiss"]
[EventRounds "5"]
[EventCountry "GER"]
[SourceTitle "EXT 2013"]
[Source "ChessBase"]
[SourceDate "2012.11.22"]
[SourceVersion "1"]
[SourceVersionDate "2012.11.22"]
[SourceQuality "1"]

1. d4 g6 2. e4 Bg7 3. Nc3 d6 4. Nf3 Nf6 5. Be3 a6 6. Bd3 b5 7. a4 b4 8. Ne2 Bb7 9. Ng3 Ng4 10. Bd2 a5 11. c3 Ba6 12. Bxa6 Nxa6 13. Ng5 Qd7 14. h3 Nh6 15. f4 e5 16. Nf3 exd4 17. cxd4 c5 18. Be3 c4 19. Qe2 d5 20. Ne5 Bxe5 21. fxe5 Ng8 22. 0-0 h5 23. Qf3 Nc7 24. exd5 Qxd5 25. Ne4 Kf8 26. Nd6 f5 27. Nxc4 Qxf3 28. Rxf3 Ne7 29. Bg5 Ned5 30. g4 Ne6 31. Be3 hxg4 32. hxg4 Kg7 33. Kg2 1-0

[Event "Langenhagen-ch op"]
[Site "Langenhagen"]
[Date "2011.09.10"]
[Round "4"]
[White "Meier Hoffmann, Daniel"]
[Black "Herrmann, Andreas"]
[Result "0-1"]
[WhiteElo "1931"]
[BlackElo "2051"]
[PlyCount "74"]
[EventDate "2011.08.20"]
[EventType "tourn"]
[EventRounds "7"]
[EventCountry "GER"]
[SourceTitle "EXT 2021"]
[Source "ChessBase"]
[SourceDate "2020.10.23"]
[SourceVersion "1"]
[SourceVersionDate "2020.10.23"]
[SourceQuality "1"]

1. d4 Nf6 2. Nf3 c5 3. d5 g6 4. Nc3 a6 5. a4 Bg7 6. e4 d6 7. a5 0-0 8. Be2 Ne8 9. Bf4 Nd7 10. Qd2 Nc7 11. h4 Nf6 12. Ng5 Nb5 13. f3 Nh5 14. Bh2 h6 15. g4 Nf6 16. Nh3 Nd4 17. Nf4 Nd7 18. Nd3 b5 19. Bf4 c4 20. Nb4 Ne5 21. Rh3 h5 22. Rg3 hxg4 23. fxg4 e6 24. Bg5 Qc7 25. Be3 Nxe2 26. Qxe2 Qd8 27. g5 f5 28. Bb6 Qe7 29. 0-0-0 Bb7 30. dxe6 Qxe6 31. Nbd5 Rac8 32. exf5 Rxf5 33. Re3 Qf7 34. Rg3 Re8 35. Qh2 Nd3+ 36. Rgxd3 cxd3 37. cxd3 Bxd5 0-1

[Event "Daehne Cup Region II Hauptturnier"]
[Site "Burgdorf"]
[Date "2011.02.14"]
[Round "2.2"]
[White "Nagel, Detlev"]
[Black "Meier Hoffmann, Daniel"]
[Result "0-1"]
[WhiteElo "1394"]
[BlackElo "1918"]
[PlyCount "118"]
[EventDate "2011.02.07"]
[EventType "k.o."]
[EventRounds "5"]
[EventCountry "GER"]
[SourceTitle "EXT 2022"]
[Source "ChessBase"]
[SourceDate "2021.10.06"]
[SourceVersion "1"]
[SourceVersionDate "2021.10.06"]
[SourceQuality "1"]

1. e4 c5 2. Nf3 d6 3. c3 Nf6 4. d3 Nc6 5. Be2 g6 6. 0-0 Bg7 7. Na3 a6 8. Nc2 b5 9. a4 Bd7 10. axb5 axb5 11. Rxa8 Qxa8 12. Ne3 0-0 13. h3 Qb7 14. Nh2 b4 15. Bf3 Ne8 16. Nd5 e6 17. Ne3 bxc3 18. bxc3 Bxc3 19. Neg4 Bg7 20. Be3 Qb2 21. Qb1 Qxb1 22. Rxb1 h5 23. Nh6+ Kh7 24. Nxf7 Rxf7 25. Rb7 Ne5 26. Be2 Bc6 27. Rxf7 Nxf7 28. g4 hxg4 29. hxg4 Bb5 30. f4 Nc7 31. Nf3 Na6 32. Bd2 Nb4 33. Ne1 Nd8 34. f5 gxf5 35. gxf5 exf5 36. exf5 Nf7 37. Bh5 Bd4+ 38. Kg2 Ne5 39. Bg5 Nbxd3 40. Nc2 Bc6+ 41. Kf1 Bc3 42. Be7 Kh6 43. Be2 d5 44. Ne3 c4 45. f6 Kg6 46. Ng2 Nf7 47. Bg4 Bxf6 48. Bxf6 Kxf6 49. Ke2 Nfe5 50. Bh3 Bd7 51. Bxd7 Nxd7 52. Ne3 Ke5 53. Kd2 Ke4 54. Nc2 N7e5 55. Ke2 c3 56. Kd1 Nc4 57. Ke2 d4 58. Kd1 Ne3+ 59. Nxe3 dxe3 0-1

[Event "Daehne Cup Hannover"]
[Site "Langenhagen"]
[Date "2010.07.11"]
[Round "2"]
[White "Luetz, Bernd"]
[Black "Meier Hoffmann, Daniel"]
[Result "1-0"]
[WhiteElo "1936"]
[BlackElo "1868"]
[PlyCount "97"]
[EventDate "2010.07.10"]
[EventType "k.o."]
[EventRounds "3"]
[EventCountry "GER"]
[SourceTitle "EXT 2021"]
[Source "ChessBase"]
[SourceDate "2020.10.23"]
[SourceVersion "1"]
[SourceVersionDate "2020.10.23"]
[SourceQuality "1"]

1. d4 Nf6 2. c4 c5 3. d5 b5 4. cxb5 a6 5. e3 axb5 6. Bxb5 Qa5+ 7. Nc3 Bb7 8. Bc4 g6 9. Nf3 d6 10. 0-0 Bg7 11. e4 Nbd7 12. Qe2 Ng4 13. Bd2 Qb6 14. Bb5 Ba6 15. Bxa6 Rxa6 16. Qb5 Ra5 17. Qxb6 Nxb6 18. Nd1 Rb5 19. Bc3 0-0 20. a4 Ra8 21. axb5 Rxa1 22. Bxg7 Kxg7 23. Nc3 Ra5 24. b3 Kf6 25. h3 Ne5 26. Nd2 Ra3 27. f4 Nd3 28. Rf3 Ne1 29. e5+ Kg7 30. Rf1 Nc2 31. exd6 exd6 32. Nce4 Nxd5 33. Nxd6 Nd4 34. Kh2 Ra2 35. N2c4 Ne7 36. Rb1 Nef5 37. Nxf5+ gxf5 38. b6 Ra8 39. b4 cxb4 40. Rxb4 Rb8 41. Na5 Ne6 42. b7 Nd8 43. Kg3 f6 44. Kh4 Kf7 45. Kh5 Kg7 46. Rd4 Ne6 47. Rd7+ Kg8 48. Nc6 Nxf4+ 49. Kh6 1-0

[Event "Daehne Cup Hannover"]
[Site "Langenhagen"]
[Date "2010.07.10"]
[Round "1"]
[White "Stummeyer, Dieter"]
[Black "Meier Hoffmann, Daniel"]
[Result "0-1"]
[WhiteElo "1790"]
[BlackElo "1868"]
[PlyCount "110"]
[EventDate "2010.07.10"]
[EventType "k.o."]
[EventRounds "3"]
[EventCountry "GER"]
[SourceTitle "EXT 2021"]
[Source "ChessBase"]
[SourceDate "2020.10.23"]
[SourceVersion "1"]
[SourceVersionDate "2020.10.23"]
[SourceQuality "1"]

1. e4 e6 2. d4 d5 3. e5 c5 4. c3 Nc6 5. Nf3 Bd7 6. a3 f6 7. Be2 Qc7 8. Bf4 0-0-0 9. b4 c4 10. a4 h6 11. h4 f5 12. Na3 Nxb4 13. cxb4 Bxb4+ 14. Kf1 Ne7 15. Nb5 Qa5 16. Nd6+ Bxd6 17. exd6 Nc6 18. g3 Qa6 19. Kg2 Na5 20. Ne5 Rhg8 21. Ng6 Nc6 22. Qd2 Kb8 23. Ne7 Rgf8 24. Rhb1 Ka8 25. Qc3 Be8 26. a5 Rd7 27. Rb6 axb6 28. axb6 Nxe7 29. Rxa6+ bxa6 30. dxe7 Rf7 31. Bxc4 dxc4 32. Qxc4 Kb7 33. Bd6 Rfxe7 34. Bxe7 Rxe7 35. Qc5 Bc6+ 36. f3 Rd7 37. Kf2 g5 38. hxg5 hxg5 39. Ke3 Bd5 40. f4 g4 41. Kd2 Bc6 42. Kc3 Rd5 43. Qe7+ Kxb6 44. Qxe6 a5 45. Qc8 a4 46. Qb8+ Bb7 47. Kc4 a3 48. Qf8 a2 49. Qb4+ Ka6 50. Qb2 Ra5 51. Qa1 Bd5+ 52. Kc3 Ra3+ 53. Kb2 Rxg3 54. Qf1+ Kb6 55. Ka1 Rh3 0-1

[Event "Hannover Region-ch"]
[Site "Hannover"]
[Date "2008.01.26"]
[Round "2"]
[White "Meier Hoffmann, Daniel"]
[Black "Gisy, Roberto"]
[Result "1-0"]
[WhiteElo "1844"]
[BlackElo "1775"]
[PlyCount "101"]
[EventDate "2008.01.12"]
[EventType "swiss"]
[EventRounds "7"]
[EventCountry "GER"]
[SourceTitle "EXT 2021"]
[Source "ChessBase"]
[SourceDate "2020.10.23"]
[SourceVersion "1"]
[SourceVersionDate "2020.10.23"]
[SourceQuality "1"]

1. e4 e5 2. f4 d5 3. exd5 exf4 4. Nf3 Nf6 5. Bc4 Nbd7 6. 0-0 Nb6 7. Bb5+ Bd7 8. Re1+ Be7 9. d6 cxd6 10. Bxd7+ Qxd7 11. Qe2 Nbd5 12. c4 Nb6 13. d4 Rc8 14. b3 Rc7 15. Nc3 d5 16. c5 Nc8 17. Bxf4 Rc6 18. Ne5 Qd8 19. Nxc6 bxc6 20. Qa6 Qd7 21. b4 0-0 22. Qd3 Nh5 23. Be5 Bh4 24. Rf1 f6 25. Qf3 Qf7 26. Bg3 Nxg3 27. hxg3 Bg5 28. Rae1 Re8 29. Rxe8+ Qxe8 30. Kf2 Ne7 31. Re1 Qd7 32. Qe2 Kf7 33. b5 Nf5 34. bxc6 Qxc6 35. Nxd5 g6 36. Qc4 Kg7 37. Nf4 Qb7 38. Ne6+ Kh8 39. Nxg5 fxg5 40. Re8+ Kg7 41. d5 Qb2+ 42. Re2 Qf6 43. Re6 Qb2+ 44. Kg1 Nxg3 45. Kh2 Nh5 46. Re4 Kh6 47. d6 Nf4 48. Rxf4 Qe5 49. Qd4 Qxf4+ 50. Qxf4 gxf4 51. d7 1-0

[Event "Hannover Region-ch"]
[Site "Hannover"]
[Date "2008.01.12"]
[Round "1"]
[White "Krychevskiy, Dmytro"]
[Black "Meier Hoffmann, Daniel"]
[Result "0-1"]
[WhiteElo "1645"]
[BlackElo "1844"]
[PlyCount "56"]
[EventDate "2008.01.12"]
[EventType "swiss"]
[EventRounds "7"]
[EventCountry "GER"]
[SourceTitle "EXT 2021"]
[Source "ChessBase"]
[SourceDate "2020.10.23"]
[SourceVersion "1"]
[SourceVersionDate "2020.10.23"]
[SourceQuality "1"]

1. e4 c6 2. d4 d5 3. exd5 cxd5 4. Nf3 Bg4 5. c3 Nf6 6. Bb5+ Nbd7 7. Nbd2 e6 8. 0-0 Bd6 9. Qe1 0-0 10. Bd3 Qc7 11. Kh1 a6 12. h3 Bh5 13. Ng1 Rfe8 14. Nb3 e5 15. Qd2 e4 16. Bc2 Rac8 17. Ne2 b5 18. Nf4 b4 19. Nxh5 Nxh5 20. Qg5 Ndf6 21. Bd2 bxc3 22. bxc3 Nf4 23. Rae1 h6 24. Qf5 N4h5 25. Bxh6 g6 26. Qg5 Bf4 27. Qh4 Bxh6 28. g4 g5 0-1